PSICOFARMACOLOGIA ESENCIAL DE LA DEPRESION Y TRASTORNO BIPOLAR (Registro nro. 50030)
[ vista simple ]
| 000 -LEADER | |
|---|---|
| fixed length control field | 01013nam a2200193 a 4500 |
| 001 - CONTROL NUMBER | |
| control field | 50030 |
| 005 - DATE AND TIME OF LATEST TRANSACTION | |
| control field | 20180714034939.0 |
| 008 - FIXED-LENGTH DATA ELEMENTS--GENERAL INFORMATION | |
| fixed length control field | 140415s2002 sp 000 0 spa d |
| 020 ## - INTERNATIONAL STANDARD BOOK NUMBER | |
| International Standard Book Number | 8434437058 |
| 041 ## - LANGUAGE CODE | |
| Language code of text/sound track or separate title | spa |
| 082 ## - DEWEY DECIMAL CLASSIFICATION NUMBER | |
| Classification number | 616.8527 |
| Item number | STA |
| 100 1# - MAIN ENTRY--PERSONAL NAME | |
| Personal name | STHAL, STEPHEN M. |
| 245 10 - TITLE STATEMENT | |
| Title | PSICOFARMACOLOGIA ESENCIAL DE LA DEPRESION Y TRASTORNO BIPOLAR |
| 250 ## - EDITION STATEMENT | |
| Edition statement | 1a ed. |
| 260 ## - PUBLICATION, DISTRIBUTION, ETC. | |
| Place of publication, distribution, etc. | ESPAÑA : |
| Name of publisher, distributor, etc. | ARIEL, |
| Date of publication, distribution, etc. | 2002 |
| 300 ## - PHYSICAL DESCRIPTION | |
| Extent | 430 |
| Dimensions | 18.1 x 0.9 x 24 |
| 520 ## - SUMMARY, ETC. | |
| Summary, etc. | PONIENDO ENFASIS EN LA NEUROCIENCIA BAISICA DE LOS TRASTORNOS DEL HUMOR, EN ESTE TEXTO SE MUESTRA COMO ACTUAN LOS DISTINTOS ANTIDEPRESIVOS Y ESTABILIZADORES DEL HUMOR Y APORTA NUEVA INFORMACION SOBRE LA FARMACOCINETICA DE LOS ANTIDEPRESIVOS INCLUYENDO EL PAPEL DEL SISTEMA DE LA ENZIMA CITOCROMO P450 Y LOS NEUROPEPTIDOS, ENTTRE ELLOS LA SUSTANCIA P LOS MECANISMOS DE ACCION DE LOS NUEVOS ANTIDEPRESIVOS , INCLUYENDO LOS RECIENTES ISRS, TAMBIEN SON REVISADOS DE MANERA EXHAUSTIVA Y CON |
| 650 14 - SUBJECT ADDED ENTRY--TOPICAL TERM | |
| Topical term or geographic name entry element | DEPRESION |
| General subdivision | PSICOFARMACOLOGIA |
| Withdrawn status | Lost status | Source of classification or shelving scheme | Damaged status | Not for loan | Collection code | Home library | Current library | Shelving location | Date acquired | Source of acquisition | Inventory number | Total Checkouts | Full call number | Barcode | Date last seen | Date last checked out | Price effective from | Koha item type |
|---|---|---|---|---|---|---|---|---|---|---|---|---|---|---|---|---|---|---|
| Dewey Decimal Classification | General | Biblioteca Karol Wojtyla | Biblioteca Karol Wojtyla | Sala general | 03/12/2013 | Compra | 151000000000000000001947 | 2 | 616.8527 STA 2002 | 74725 | 05/01/2026 | 09/08/2018 | 14/01/2015 | Reserva permanente |